[Event "ROM-ch"]
[Site "Eforie Nord"]
[Date "2024.02.28"]
[Round "6"]
[White "Ognean, Mihnea Ionut"]
[Black "Bonte, Andrei Mihai"]
[Result "1-0"]
[WhiteElo "2382"]
[BlackElo "2272"]
[PlyCount "55"]
[EventDate "2024.02.24"]
[EventType "swiss"]
[EventRounds "9"]
[EventCountry "ROU"]
[SourceTitle "CB10_2024"]
[SourceDate "2024.03.06"]
[SourceVersion "1"]
[SourceVersionDate "2024.03.06"]
[SourceQuality "1"]

1. e4 c5 2. Nf3 Nc6 3. Bb5 g6 4. 0-0 Bg7 5. Re1 Nf6 6. e5 Nd5 7. Nc3 Nc7 8. Bxc6 dxc6 9. h3 0-0 10. d3 Ne6 11. Ne4 b6 12. a4 Qc7 13. a5 Bd7 14. Neg5 h6 15. Nxe6 Bxe6 16. Bf4 Bd5 17. Qe2 Qd7 18. Nd2 Kh7 19. Bg3 Rad8 20. Qe3 Be6 21. Ra4 Rfe8 22. b3 f6 23. exf6 exf6 24. Re4 Bf7 25. Re7 f5 26. Bc7 f4 27. Qe2 Bc3 28. Bxd8 1-0

[Event "ROM-ch"]
[Site "Eforie Nord"]
[Date "2024.02.24"]
[Round "1"]
[White "Melinte, Rares Andrei"]
[Black "Ognean, Mihnea Ionut"]
[Result "0-1"]
[WhiteElo "1989"]
[BlackElo "2382"]
[PlyCount "86"]
[EventDate "2024.02.24"]
[EventType "swiss"]
[EventRounds "9"]
[EventCountry "ROU"]
[SourceTitle "CB10_2024"]
[SourceDate "2024.03.06"]
[SourceVersion "1"]
[SourceVersionDate "2024.03.06"]
[SourceQuality "1"]

1. d4 Nf6 2. c4 e6 3. g3 d5 4. Nf3 Bb4+ 5. Bd2 a5 6. Bg2 0-0 7. 0-0 dxc4 8. Qc2 Bxd2 9. Nbxd2 b5 10. b3 cxb3 11. Nxb3 Bb7 12. Rfc1 Bd5 13. Qxc7 Qxc7 14. Rxc7 Na6 15. Rcc1 Nb4 16. Nfd2 a4 17. Bxd5 Nbxd5 18. Nc5 b4 19. Rcb1 Rfb8 20. Rb2 Nc3 21. Nc4 Nfd5 22. Kf1 g5 23. Ne5 Rb5 24. Rc1 a3 25. Rd2 Nxa2 26. Rxa2 b3 27. Nxb3 Rxb3 28. Nc4 Nb4 29. Raa1 a2 30. Ke1 Nc2+ 31. Rxc2 Rb1+ 32. Rc1 Rxc1+ 33. Rxc1 a1Q 34. Rxa1 Rxa1+ 35. Kd2 Rh1 36. Ne5 Rxh2 37. Ke3 Rh1 38. g4 f6 39. Nd7 Kf7 40. f3 Ra1 41. Ke4 Ke7 42. Nc5 Ra3 43. e3 h5 0-1

[Event "Sebes GP op"]
[Site "Sebes"]
[Date "2023.11.05"]
[Round "9"]
[White "Ognean, Mihnea Ionut"]
[Black "Petrov, Martin"]
[Result "0-1"]
[WhiteElo "2389"]
[BlackElo "2500"]
[PlyCount "142"]
[EventDate "2023.11.04"]
[EventType "swiss"]
[EventRounds "10"]
[EventCountry "ROU"]
[SourceTitle "CB46_2023"]
[SourceDate "2023.11.15"]
[SourceVersion "1"]
[SourceVersionDate "2023.11.15"]
[SourceQuality "1"]

1. e4 c5 2. Nf3 d6 3. d4 cxd4 4. Nxd4 Nf6 5. Nc3 a6 6. Be3 e5 7. Nf3 Be7 8. Bc4 Be6 9. Bb3 Nbd7 10. 0-0 Rc8 11. Qe2 Nc5 12. Bg5 Nxb3 13. axb3 Nh5 14. Be3 Nf6 15. Rfd1 Qc7 16. Bg5 0-0 17. Rd2 Rfd8 18. Bxf6 Bxf6 19. Qe3 Qc6 20. Rad1 h6 21. h3 Rd7 22. Rd3 b5 23. Qd2 b4 24. Nd5 Bxd5 25. Rxd5 Qxc2 26. Qxb4 Qxb2 27. Nd2 Rc1 28. Nc4 Qb1 29. Ne3 Bg5 30. Rxc1 Qxc1+ 31. Rd1 Qc6 32. Qc4 Rc7 33. Qxc6 Rxc6 34. Nf5 g6 35. Nxd6 Rc3 36. Ra1 Rxb3 37. Rxa6 Be7 38. Nc4 Bc5 39. Nxe5 Bd4 40. Ng4 h5 41. Ne3 Bxe3 42. fxe3 Rxe3 43. Ra8+ Kg7 44. Re8 f5 45. Kf2 f4 46. Re6 g5 47. e5 g4 48. hxg4 hxg4 49. Rf6 g3+ 50. Kf1 Re4 51. Ra6 Rxe5 52. Ra4 Rf5 53. Ke2 Kg6 54. Kf3 Kg5 55. Rb4 Ra5 56. Rb3 Re5 57. Ra3 Rb5 58. Rc3 Rb2 59. Rc5+ Kh4 60. Kxf4 Rxg2 61. Rc8 Rf2+ 62. Ke3 Kh3 63. Ra8 Kg2 64. Ra1 Kh2 65. Rb1 Rf8 66. Rb5 g2 67. Rh5+ Kg1 68. Ke2 Re8+ 69. Kd2 Re7 70. Kd1 Re4 71. Kd2 Kf2 0-1

[Event "ROM-chT"]
[Site "Eforie Nord"]
[Date "2023.09.29"]
[Round "9.5"]
[White "Magold, Filip"]
[Black "Ognean, Mihnea Ionut"]
[Result "1-0"]
[WhiteElo "2314"]
[BlackElo "2389"]
[PlyCount "91"]
[EventDate "2023.09.21"]
[EventType "team-tourn"]
[EventRounds "9"]
[EventCountry "ROU"]
[SourceTitle "EXT 2024"]
[Source "ChessBase"]
[SourceDate "2023.10.10"]
[SourceVersion "1"]
[SourceVersionDate "2023.10.10"]
[SourceQuality "1"]
[WhiteTeam "Arad Vados"]
[BlackTeam "Galati Smart"]
[WhiteTeamCountry "ROU"]
[BlackTeamCountry "ROU"]

1. d4 Nf6 2. c4 e6 3. Nc3 Bb4 4. e3 0-0 5. Nf3 d5 6. Bd2 b6 7. Rc1 dxc4 8. Bxc4 Bb7 9. 0-0 Nbd7 10. Qe2 c5 11. Rfd1 cxd4 12. Nxd4 Qb8 13. Ne4 Bxd2 14. Nxd2 Ne5 15. Bb3 Rc8 16. h3 h6 17. Qb5 Qd6 18. Nf1 Rxc1 19. Rxc1 Ne4 20. Rd1 a6 21. Qe2 Qc7 22. f4 Ng6 23. Qg4 Kh7 24. Nh2 Rd8 25. Qe2 e5 26. fxe5 Nxe5 27. Nhf3 Re8 28. Nxe5 Rxe5 29. Nf3 Rc5 30. Qd3 Qg3 31. Rf1 f5 32. Be6 Qg6 33. Bb3 Ng3 34. Nh4 Qg5 35. Nf3 Qh5 36. Rf2 Be4 37. Qd8 Rc1+ 38. Kh2 Rh1+ 39. Kxg3 f4+ 40. exf4 Qg6+ 41. Ng5+ hxg5 42. Qg8+ Kh6 43. Qh8+ Qh7 44. fxg5+ Kxg5 45. Qd8+ Kh5 46. Qh4+ 1-0

[Event "ROM-chT"]
[Site "Eforie Nord"]
[Date "2023.09.28"]
[Round "8.5"]
[White "Ognean, Mihnea Ionut"]
[Black "Vajda, Albert"]
[Result "1-0"]
[WhiteElo "2389"]
[BlackElo "2290"]
[PlyCount "117"]
[EventDate "2023.09.21"]
[EventType "team-tourn"]
[EventRounds "9"]
[EventCountry "ROU"]
[SourceTitle "EXT 2024"]
[Source "ChessBase"]
[SourceDate "2023.10.10"]
[SourceVersion "1"]
[SourceVersionDate "2023.10.10"]
[SourceQuality "1"]
[WhiteTeam "Galati Smart"]
[BlackTeam "Craiova Oltenia"]
[WhiteTeamCountry "ROU"]
[BlackTeamCountry "ROU"]

1. e4 c6 2. d4 d5 3. exd5 cxd5 4. Bd3 Nc6 5. c3 Nf6 6. Nf3 g6 7. Bf4 Bg7 8. 0-0 0-0 9. Re1 Bf5 10. Bxf5 gxf5 11. Ne5 e6 12. Nd2 Nxe5 13. Bxe5 Ne4 14. Bxg7 Kxg7 15. Nb3 Rg8 16. f3 Nd6 17. Nc5 Kh8 18. Qd2 Qg5 19. Qxg5 Rxg5 20. Nd3 Rgg8 21. a4 Kg7 22. Kf2 Rac8 23. h3 Kf6 24. Re2 Rc7 25. g4 Nc8 26. a5 Ne7 27. a6 b6 28. Rg1 Ng6 29. f4 Rc4 30. Ra1 h6 31. Ke3 Rh8 32. Rc2 fxg4 33. hxg4 h5 34. Ne5 Nxe5 35. fxe5+ Kg7 36. g5 b5 37. Rf2 b4 38. Raf1 Rc7 39. cxb4 Rb8 40. Rf6 Rxb4 41. g6 Rb3+ 42. Kf4 Rd3 43. Rxf7+ Rxf7+ 44. gxf7 Kxf7 45. Kg5+ Ke7 46. Kg6 Rg3+ 47. Kxh5 Rb3 48. Rg1 Rh3+ 49. Kg5 Kd7 50. Kf4 Rh7 51. Rg8 Rh4+ 52. Rg4 Rh7 53. Kg5 Ke7 54. Rh4 Rg7+ 55. Kf4 Kd7 56. Rh8 Kc7 57. Rh6 Kd7 58. b4 Re7 59. Kg5 1-0

[Event "ROM-chT"]
[Site "Eforie Nord"]
[Date "2023.09.27"]
[Round "7.5"]
[White "Gavrilescu, David"]
[Black "Ognean, Mihnea Ionut"]
[Result "1/2-1/2"]
[WhiteElo "2534"]
[BlackElo "2389"]
[PlyCount "194"]
[EventDate "2023.09.21"]
[EventType "team-tourn"]
[EventRounds "9"]
[EventCountry "ROU"]
[SourceTitle "EXT 2024"]
[Source "ChessBase"]
[SourceDate "2023.10.10"]
[SourceVersion "1"]
[SourceVersionDate "2023.10.10"]
[SourceQuality "1"]
[WhiteTeam "Bucharest ASE"]
[BlackTeam "Galati Smart"]
[WhiteTeamCountry "ROU"]
[BlackTeamCountry "ROU"]

1. c4 Nf6 2. Nf3 e6 3. g3 d5 4. Bg2 c5 5. cxd5 Nxd5 6. Nc3 Nc6 7. 0-0 Be7 8. Nxd5 Qxd5 9. d3 0-0 10. Be3 Qh5 11. Rc1 Bd7 12. h4 Rfd8 13. Rc4 f6 14. g4 Qf7 15. Bxc5 Bxc5 16. Rxc5 e5 17. g5 Kh8 18. Qb3 Be6 19. Qc3 Bxa2 20. b4 a6 21. b5 axb5 22. Rxb5 Bd5 23. Rfb1 Rd7 24. e3 h6 25. Ne1 Bxg2 26. Nxg2 fxg5 27. Qc4 Ra2 28. Qxf7 Rxf7 29. R5b2 Rxb2 30. Rxb2 gxh4 31. Nxh4 g5 32. Ng2 Kg7 33. Rb6 h5 34. f3 Rxf3 35. Rxb7+ Rf7 36. Rb5 Kg6 37. Rc5 Rf6 38. Kh2 h4 39. Kh3 Rf3+ 40. Kh2 Nb4 41. Rxe5 Nxd3 42. Rd5 Nf2 43. Nxh4+ gxh4 44. Kg2 Rf8 45. Rd6+ Kf5 46. Rd5+ Ke4 47. Rd4+ Kxe3 48. Rxh4 Ke2 49. Ra4 Rg8+ 50. Kh2 Nd3 51. Kh3 Kf3 52. Kh4 Nc5 53. Ra5 Ne6 54. Ra3+ Ke4 55. Ra4+ Nd4 56. Kh3 Rg7 57. Kh4 Ke5 58. Kh3 Nf5 59. Rb4 Rg3+ 60. Kh2 Ra3 61. Kg2 Nd6 62. Rb8 Kf4 63. Rf8+ Ke4 64. Rb8 Ra2+ 65. Kg3 Nf5+ 66. Kh3 Ra3+ 67. Kg2 Ke3 68. Rb4 Rd3 69. Ra4 Rb3 70. Ra8 Rb4 71. Re8+ Kf4 72. Rf8 Rb2+ 73. Kh3 Ra2 74. Rb8 Ra3+ 75. Kg2 Ne3+ 76. Kf2 Ra2+ 77. Ke1 Nf5 78. Re8 Nd6 79. Rd8 Ne4 80. Kd1 Ke3 81. Kc1 Nc5 82. Re8+ Kd3 83. Rd8+ Kc3 84. Kd1 Ne6 85. Re8 Kd3 86. Ke1 Nd4 87. Kf1 Rd2 88. Ra8 Rh2 89. Re8 Nc6 90. Re6 Nb4 91. Re8 Nd5 92. Rd8 Kd4 93. Ke1 Ke3 94. Kd1 Nc3+ 95. Kc1 Na2+ 96. Kb1 Nb4 97. Re8+ Kd3 1/2-1/2

[Event "ROM-chT"]
[Site "Eforie Nord"]
[Date "2023.09.21"]
[Round "1.5"]
[White "Ognean, Mihnea Ionut"]
[Black "Balla, Tamas Kristof"]
[Result "1/2-1/2"]
[WhiteElo "2389"]
[BlackElo "2308"]
[PlyCount "95"]
[EventDate "2023.09.21"]
[EventType "team-tourn"]
[EventRounds "9"]
[EventCountry "ROU"]
[SourceTitle "EXT 2024"]
[Source "ChessBase"]
[SourceDate "2023.10.10"]
[SourceVersion "1"]
[SourceVersionDate "2023.10.10"]
[SourceQuality "1"]
[WhiteTeam "Galati Smart"]
[BlackTeam "Ineu"]
[WhiteTeamCountry "ROU"]
[BlackTeamCountry "ROU"]

1. e4 g6 2. d4 Bg7 3. Nf3 d6 4. Be2 Nf6 5. Nc3 a6 6. 0-0 0-0 7. a4 Nc6 8. a5 e5 9. d5 Ne7 10. Nd2 Ne8 11. Na4 f5 12. c4 Nf6 13. b4 fxe4 14. Nc3 Bh6 15. Ncxe4 Nxe4 16. Nxe4 Bxc1 17. Rxc1 Nf5 18. Bg4 Nd4 19. Bxc8 Rxc8 20. Qd3 Qd7 21. Kh1 Rcd8 22. f4 Qg7 23. Rcd1 Rf5 24. g4 Rff8 25. g5 Rf5 26. Nf6+ Kh8 27. Qe4 Rf8 28. fxe5 dxe5 29. Rxf5 gxf5 30. Qxe5 Nf3 31. Qxf5 Nxg5 32. Rf1 h6 33. Re1 Qxf6 34. Qxf6+ Rxf6 35. Re8+ Kg7 36. Rb8 Rf2 37. Kg1 Nh3+ 38. Kh1 Nf4 39. Kg1 Rg2+ 40. Kf1 Rc2 41. Rxb7 Rxc4 42. d6 Ne6 43. b5 axb5 44. a6 Kf6 45. a7 Ra4 46. dxc7 Nxc7 47. Rxc7 Ra2 48. Rb7 1/2-1/2

[Event "Bucharest Grand Prix"]
[Site "Bucharest"]
[Date "2023.04.29"]
[Round "3"]
[White "Gavrilescu, David"]
[Black "Ognean, Mihnea Ionut"]
[Result "1-0"]
[WhiteElo "2535"]
[BlackElo "2347"]
[PlyCount "55"]
[EventDate "2023.04.29"]
[EventType "swiss (rapid)"]
[EventRounds "10"]
[EventCountry "ROU"]
[SourceTitle "CBM 213 Extra"]
[Source "ChessBase"]
[SourceDate "2023.05.31"]
[SourceVersion "1"]
[SourceVersionDate "2023.05.31"]
[SourceQuality "1"]

1. e4 e5 2. Nf3 Nc6 3. d4 exd4 4. Nxd4 Nf6 5. Nxc6 bxc6 6. e5 Qe7 7. Qe2 Nd5 8. c4 Ba6 9. Nd2 Nf4 10. Qe3 Ne6 11. Bd3 g6 12. 0-0 Bg7 13. f4 c5 14. Ne4 d6 15. Qg3 dxe5 16. fxe5 0-0-0 17. Nc3 Bb7 18. Nd5 Qd7 19. Be2 Kb8 20. Be3 Nd4 21. Bg4 Qe8 22. Bxd4 cxd4 23. e6 Bxd5 24. Rxf7 Rd6 25. cxd5 Bh6 26. Raf1 Be3+ 27. Kh1 h5 28. e7 1-0

[Event "ROM-ch"]
[Site "Sebes"]
[Date "2023.02.26"]
[Round "9"]
[White "Ognean, Mihnea Ionut"]
[Black "Lupulescu, Constantin"]
[Result "1/2-1/2"]
[WhiteElo "2335"]
[BlackElo "2592"]
[PlyCount "96"]
[EventDate "2023.02.19"]
[EventType "swiss"]
[EventRounds "9"]
[EventCountry "ROU"]
[SourceTitle "CBM 212 Extra"]
[Source "ChessBase"]
[SourceDate "2023.03.31"]
[SourceVersion "1"]
[SourceVersionDate "2023.03.31"]
[SourceQuality "1"]

1. e4 c5 2. Nf3 Nc6 3. d4 cxd4 4. Nxd4 Nf6 5. Nc3 d6 6. Bg5 Bd7 7. Qd2 a6 8. 0-0-0 e6 9. f3 Be7 10. h4 Nxd4 11. Qxd4 b5 12. Kb1 Qc7 13. Qd2 b4 14. Ne2 Rc8 15. Nd4 Qb7 16. Bd3 a5 17. g4 a4 18. Ne2 b3 19. cxb3 axb3 20. a3 0-0 21. h5 e5 22. h6 g6 23. Nc3 Be6 24. Rc1 Rfd8 25. Qe2 Rc7 26. Rhd1 Kf8 27. Bd2 Nd7 28. Nb5 Rxc1+ 29. Rxc1 Rc8 30. Rxc8+ Qxc8 31. Bb4 d5 32. Bxe7+ Kxe7 33. exd5 Bxd5 34. Nc3 Be6 35. Ne4 f6 36. Qd2 Qb7 37. Qb4+ Qxb4 38. axb4 f5 39. gxf5 Bxf5 40. Kc1 Bxe4 41. Bxe4 Kf6 42. Kd2 Kg5 43. Bc6 Nb8 44. b5 Kxh6 45. Ke3 Kg5 46. Ke4 Kf6 47. Kd5 Ke7 48. b6 h5 1/2-1/2

[Event "ROM-ch"]
[Site "Sebes"]
[Date "2023.02.24"]
[Round "7"]
[White "Ognean, Mihnea Ionut"]
[Black "Anton, Teodor"]
[Result "1-0"]
[WhiteElo "2335"]
[BlackElo "2438"]
[PlyCount "61"]
[EventDate "2023.02.19"]
[EventType "swiss"]
[EventRounds "9"]
[EventCountry "ROU"]
[SourceTitle "CBM 212 Extra"]
[Source "ChessBase"]
[SourceDate "2023.03.31"]
[SourceVersion "1"]
[SourceVersionDate "2023.03.31"]
[SourceQuality "1"]

1. e4 c5 2. Nf3 d6 3. d4 cxd4 4. Nxd4 Nf6 5. Nc3 a6 6. Be3 e5 7. Nb3 Be6 8. f3 Nbd7 9. Qd2 h5 10. Nd5 Bxd5 11. exd5 g6 12. 0-0-0 Bg7 13. Kb1 0-0 14. h3 a5 15. a4 Nb6 16. Bxb6 Qxb6 17. Bb5 Qd8 18. h4 e4 19. Rde1 e3 20. Qxe3 Nxd5 21. Qd2 Qf6 22. c3 Nc7 23. Nd4 Nxb5 24. Nxb5 Rae8 25. Qg5 Qxg5 26. hxg5 Be5 27. Nc7 Rb8 28. Nd5 b5 29. f4 Bh8 30. g4 f6 31. gxh5 1-0

[Event "ROM-chT"]
[Site "Oradea"]
[Date "2022.09.28"]
[Round "8.5"]
[White "Balla, Tamas Kristof"]
[Black "Ognean, Mihnea Ionut"]
[Result "1/2-1/2"]
[WhiteElo "2325"]
[BlackElo "2303"]
[PlyCount "66"]
[EventDate "2022.09.21"]
[EventType "team-tourn"]
[EventRounds "9"]
[EventCountry "ROU"]
[SourceTitle "EXT 2024"]
[Source "ChessBase"]
[SourceDate "2023.10.10"]
[SourceVersion "1"]
[SourceVersionDate "2023.10.10"]
[SourceQuality "1"]
[WhiteTeam "Craiova Oltenia"]
[BlackTeam "Galati Smart"]
[WhiteTeamCountry "ROU"]
[BlackTeamCountry "ROU"]

1. d4 Nf6 2. Nc3 d5 3. Bf4 a6 4. e3 e6 5. Nf3 c5 6. Ne5 Nfd7 7. Nf3 Nc6 8. Be2 b5 9. e4 Nf6 10. exd5 Nxd5 11. Nxd5 Qxd5 12. dxc5 Qxd1+ 13. Rxd1 Bxc5 14. Ne5 Nxe5 15. Bxe5 Bb7 16. Bd4 Rc8 17. c3 Be7 18. f4 Rg8 19. 0-0 Bd5 20. Ra1 g6 21. a4 Bc4 22. Rf2 Bxe2 23. Rxe2 b4 24. Kf2 Bd6 25. Kf3 Ke7 26. g4 bxc3 27. bxc3 Kd7 28. Rb2 Rb8 29. Rab1 Rxb2 30. Rxb2 Rb8 31. Rxb8 Bxb8 32. g5 Kc6 33. Ke4 Bd6 1/2-1/2

[Event "ROM-chT"]
[Site "Oradea"]
[Date "2022.09.23"]
[Round "3.4"]
[White "Ghimpu, Samuel Timotei"]
[Black "Ognean, Mihnea Ionut"]
[Result "1/2-1/2"]
[WhiteElo "2434"]
[BlackElo "2303"]
[PlyCount "83"]
[EventDate "2022.09.21"]
[EventType "team-tourn"]
[EventRounds "9"]
[EventCountry "ROU"]
[SourceTitle "EXT 2024"]
[Source "ChessBase"]
[SourceDate "2023.10.10"]
[SourceVersion "1"]
[SourceVersionDate "2023.10.10"]
[SourceQuality "1"]
[WhiteTeam "Arad Vados"]
[BlackTeam "Galati Smart"]
[WhiteTeamCountry "ROU"]
[BlackTeamCountry "ROU"]

1. e4 c6 2. d4 d5 3. e5 Bf5 4. h4 Qb6 5. a4 h5 6. a5 Qc7 7. Nc3 e6 8. Bd3 Bxd3 9. cxd3 Ne7 10. Nf3 Nf5 11. 0-0 Be7 12. g3 a6 13. Kg2 Nd7 14. Re1 0-0-0 15. Bd2 Kb8 16. Ne2 Ka8 17. Qa4 Rdg8 18. Neg1 f6 19. Nh3 Nf8 20. Kh2 Bd8 21. Re2 Qf7 22. Rae1 g5 23. hxg5 fxg5 24. Nfxg5 Qg6 25. f4 Nh6 26. Qa3 Nh7 27. Qd6 Nxg5 28. fxg5 Nf7 29. Qb4 Bxg5 30. Rg2 Qxd3 31. Qc3 Qh7 32. Bxg5 Nxg5 33. Nxg5 Rxg5 34. Rf1 Rgg8 35. Rf6 Qe4 36. Rf4 Qg6 37. Rgf2 h4 38. g4 Rc8 39. Kh3 Rhg8 40. b4 Qb1 41. Rf1 Qg6 42. R1f2 1/2-1/2

[Event "ROM-chT"]
[Site "Oradea"]
[Date "2022.09.21"]
[Round "1.5"]
[White "Nevednichy, Vladislav"]
[Black "Ognean, Mihnea Ionut"]
[Result "1-0"]
[WhiteElo "2472"]
[BlackElo "2303"]
[PlyCount "49"]
[EventDate "2022.09.21"]
[EventType "team-tourn"]
[EventRounds "9"]
[EventCountry "ROU"]
[SourceTitle "EXT 2024"]
[Source "ChessBase"]
[SourceDate "2023.10.10"]
[SourceVersion "1"]
[SourceVersionDate "2023.10.10"]
[SourceQuality "1"]
[WhiteTeam "Iasi Politehnica"]
[BlackTeam "Galati Smart"]
[WhiteTeamCountry "ROU"]
[BlackTeamCountry "ROU"]

1. e4 c5 2. Nf3 Nc6 3. Bb5 g6 4. 0-0 Bg7 5. c3 e5 6. d4 cxd4 7. cxd4 exd4 8. Bf4 Nge7 9. Bd6 a6 10. Bd3 b5 11. a4 bxa4 12. Nbd2 0-0 13. Qxa4 Ra7 14. b4 Bb7 15. Qb3 h6 16. h4 Ra8 17. Ra4 g5 18. hxg5 hxg5 19. Nxg5 Be5 20. Bc4 Nd5 21. exd5 Bxd6 22. Nde4 Bf4 23. dxc6 Bxc6 24. Ra5 Kg7 25. Rf5 1-0

[Event "Wch U18"]
[Site "Mamaia"]
[Date "2022.09.15"]
[Round "10"]
[White "Garrido Outon, Alex"]
[Black "Ognean, Mihnea Ionut"]
[Result "0-1"]
[WhiteElo "2411"]
[BlackElo "2303"]
[PlyCount "120"]
[EventDate "2022.09.06"]
[EventType "swiss"]
[EventRounds "11"]
[EventCountry "ROU"]
[SourceTitle "CBM 210 Extra"]
[Source "ChessBase"]
[SourceDate "2022.11.30"]
[SourceVersion "1"]
[SourceVersionDate "2022.11.30"]
[SourceQuality "1"]

1. e4 c6 2. Nc3 d5 3. Nf3 Bg4 4. h3 Bxf3 5. Qxf3 e6 6. Be2 Bc5 7. 0-0 Nd7 8. exd5 exd5 9. Bd1 Ne7 10. Ne2 d4 11. c3 Nf6 12. cxd4 Bxd4 13. Nxd4 Qxd4 14. Re1 Nfd5 15. Bb3 0-0 16. Re4 Qc5 17. d3 Ng6 18. Bd2 a5 19. Rae1 Qb5 20. h4 Nf6 21. Rd4 Rad8 22. Rxd8 Rxd8 23. Bc3 Nxh4 24. Qf4 Ng6 25. Qc7 Rf8 26. Bxf6 gxf6 27. Re8 Nh8 28. Qg3+ Qg5 29. Qxg5+ fxg5 30. Re5 h6 31. Rxa5 Ng6 32. Ra7 Rb8 33. d4 Ne7 34. Kf1 Nf5 35. d5 c5 36. Ra5 Rc8 37. Rb5 Nd6 38. Rb6 Rd8 39. a4 Kg7 40. Ke2 Kf6 41. Kd3 Ke5 42. Bc4 Ra8 43. b3 h5 44. f3 h4 45. Kc3 f5 46. Kd3 h3 47. gxh3 Rh8 48. b4 Rxh3 49. Ba2 cxb4 50. Rxb4 Rxf3+ 51. Ke2 Rf4 52. Rb3 Rxa4 53. Bb1 Kxd5 54. Rd3+ Ke5 55. Re3+ Ne4 56. Rb3 Kf4 57. Bc2 Ra2 58. Kd1 g4 59. Rxb7 g3 60. Rg7 Ke5 0-1